Analýza dopadov zavedenia dane z pridanej hodnoty na ekonomiku Slovenskej republiky
Analýza uplynulého trojročného obdobia uplatňovania daňovej reformy na Slovensku uskutočnenej po 1. 1. 1993. Dopad zavedenia dane z pridanej hodnoty na jej platiteľov. Dopady zavedenia DPH na konečných spotrebiteľov. Dopady zavedenia DPH na vývoj príjmov štátneho rozpočtu.
Salvato in:
| Autore principale: | |
|---|---|
| Natura: | Capitolo di libro |
| Lingua: | slovacco |
| Soggetti: | |
| Tags: |
Nessun Tag, puoi essere il primo ad aggiungerne!!
|
MARC
| LEADER | 00000naa a2200000 4500 | ||
|---|---|---|---|
| 001 | r025580 | ||
| 005 | 20230922102448.3 | ||
| 041 | 0 | |a slo | |
| 044 | |a CZ | ||
| 245 | 1 | 0 | |a Analýza dopadov zavedenia dane z pridanej hodnoty na ekonomiku Slovenskej republiky |c M. Borodovčák |
| 520 | |a Analýza uplynulého trojročného obdobia uplatňovania daňovej reformy na Slovensku uskutočnenej po 1. 1. 1993. Dopad zavedenia dane z pridanej hodnoty na jej platiteľov. Dopady zavedenia DPH na konečných spotrebiteľov. Dopady zavedenia DPH na vývoj príjmov štátneho rozpočtu. | ||
| 610 | 2 | 0 | |a dane z hodnoty pridanej |
| 610 | 2 | 0 | |a dopad daňový |
| 610 | 2 | 0 | |a sústava daňová |
| 610 | 2 | 0 | |a 1993-1995 |
| 610 | 2 | 0 | |a Slovensko |
| 610 | 2 | 0 | |a príjmy rozpočtu štátneho |
| 610 | 2 | 0 | |a dane |
| 100 | 1 | |a Borodovčák, Michal | |